| 000 | 00731nam a2200217 i 4500 | ||
|---|---|---|---|
| 001 | 69156 | ||
| 003 | ES-MaACL | ||
| 005 | 20250927104711.0 | ||
| 007 | t| | ||
| 008 | 040915m18971906fr ||||1| fre d | ||
| 245 | 0 | 0 |
_aTraité de chirurgie clinique et opératoire / _cpublié sous la direction de MM. A. Le Dentu [et] Pierre Delbet. |
| 250 | _a2e tirage. | ||
| 260 |
_aParis : _bJ.B. Baillière et Fils, _c1897-1906. |
||
| 300 |
_a10 t. en 11 v. ; _c25 cm. |
||
| 500 | _aLos volúmenes pertenecen a distintas ediciones. | ||
| 650 | 7 |
_aCirugía _2embne _911050 |
|
| 700 | 1 |
_aLe Dentu, Auguste. _970868 |
|
| 700 | 1 |
_aDelbet, Pierre, _d1861-1957 _9160245 |
|
| 852 |
_aES-MaACL _jB-10896-906 |
||
| 999 |
_c69156 _d69156 |
||